| 000 | 00908cab a2200265 4500 | ||
|---|---|---|---|
| 001 | WB3227-38 | ||
| 008 | 090401t1996 xxu||||| |||| 00| 0 eng d | ||
| 035 | _a(Sirsi) u50615 | ||
| 041 | _aeng | ||
| 245 | _aLavatories: no need to keep open | ||
| 260 | _c1996 | ||
| 350 | _a0 | ||
| 490 |
_aEstates Gazette Case Summaries _v[1996] EGCS 110(1) (6/7/96) |
||
| 520 | _a"Chorley BC v Ribble Motor Services Ltd" CA 20 June 1996. Overtuned county court decision that tenant was obliged to keep lavatories open under covenant in lease granted by council for land used as a bus station. | ||
| 650 | _aBREACH OF COVENANTS | ||
| 650 | _aBUS STATION | ||
| 650 | _aCHORLEY BC V RIBBLE MOTOR SERVICES LTD | ||
| 650 | _aCOVENANTS | ||
| 650 | _aKEEP OPEN | ||
| 650 | _aLEASES | ||
| 650 | _aPUBLIC TOILETS | ||
| 690 | _aLANDLORD AND TENANT-CASE LAW-BUSINESS TENANCIES | ||
| 942 | _n0 | ||
| 948 | _c04/03/1997 | ||
| 999 |
_c31584 _d31584 |
||